[Event "Leipzig VfB op 12th"]
[Site "Leipzig"]
[Date "2005.03.04"]
[Round "6"]
[White "Sonntag, Hermann"]
[Black "Nierlich, Gerhard"]
[Result "1/2-1/2"]
[WhiteElo "2016"]
[BlackElo "2063"]
[PlyCount "119"]
[EventDate "2005.01.03"]
[EventType "swiss"]
[EventRounds "9"]
[EventCountry "GER"]
[SourceTitle "EXT 2008"]
[Source "ChessBase"]
[SourceDate "2007.11.25"]
[SourceVersion "1"]
[SourceVersionDate "2007.11.25"]
[SourceQuality "1"]

1. f4 c5 2. b3 Nc6 3. Bb2 Nf6 4. Nf3 g6 5. e3 Bg7 6. Bb5 0-0 7. 0-0 Na5 8. Qe1 a6 9. Be2 b5 10. d3 d6 11. c4 Bb7 12. Nc3 Ng4 13. Qd2 b4 14. Nd1 Nf6 15. e4 Nc6 16. Ne3 e6 17. Rae1 a5 18. Bd1 Qc7 19. Qf2 Rad8 20. h3 d5 21. e5 Ne8 22. Ng4 Qe7 23. Re2 dxc4 24. dxc4 h5 25. Ngh2 Bh6 26. g3 Ng7 27. Bc2 Nf5 28. Bxf5 exf5 29. Rfe1 Rd3 30. Re3 Rfd8 31. Qe2 Rxe3 32. Qxe3 Bf8 33. Ng5 Nd4 34. Qf2 Ba8 35. Nhf3 Qb7 36. Bxd4 cxd4 37. Rd1 Bc5 38. Rd3 Qc6 39. Kf1 a4 40. Qb2 a3 41. Qe2 Re8 42. Qd2 Rd8 43. Ke1 f6 44. exf6 Qxf6 45. Kd1 Be4 46. Ne5 Bxd3 47. Qxd3 Bd6 48. Ngf3 Bxe5 49. Nxe5 g5 50. c5 Qe6 51. h4 g4 52. Qb5 Qd5 53. Qb6 Qh1+ 54. Kd2 Qg2+ 55. Kd1 Qf1+ 56. Kd2 Qf2+ 57. Kd1 Qg1+ 58. Kd2 Qe3+ 59. Kd1 Qg1+ 60. Kd2 1/2-1/2

[Event "Leipzig VfB op 11th"]
[Site "Leipzig"]
[Date "2004.03.16"]
[Round "1"]
[White "Didt, Hartmut"]
[Black "Nierlich, Gerhard"]
[Result "1/2-1/2"]
[WhiteElo "1617"]
[BlackElo "2093"]
[PlyCount "43"]
[EventDate "2004.03.16"]
[EventType "swiss"]
[EventRounds "9"]
[EventCountry "GER"]
[SourceTitle "EXT 2007"]
[Source "ChessBase"]
[SourceDate "2006.11.23"]
[SourceVersion "1"]
[SourceVersionDate "2006.11.23"]
[SourceQuality "1"]

1. e4 c5 2. d4 cxd4 3. c3 d3 4. Bf4 Nc6 5. Nf3 d6 6. Bxd3 Nf6 7. Nbd2 g6 8. 0-0 Bg7 9. h3 0-0 10. Qe2 a6 11. Rfd1 Nd7 12. Bc4 Nce5 13. Nxe5 Nxe5 14. Bb3 b5 15. Nf3 Nxf3+ 16. Qxf3 Bb7 17. Bd5 Qc7 18. Bxb7 Qxb7 19. Qe2 Qc7 20. Rd5 Qc4 21. Qxc4 bxc4 22. Rad1 1/2-1/2

[Event "Augsburg Afro op"]
[Site "Augsburg"]
[Date "2003.08.09"]
[Round "5"]
[White "Fabian, Laszlo"]
[Black "Nierlich, Gerhard"]
[Result "0-1"]
[WhiteElo "1621"]
[BlackElo "2069"]
[PlyCount "98"]
[EventDate "2003.08.06"]
[EventType "swiss"]
[EventRounds "7"]
[EventCountry "GER"]
[SourceTitle "EXT 2006"]
[Source "ChessBase"]
[SourceDate "2005.11.24"]
[SourceVersion "1"]
[SourceVersionDate "2005.11.24"]
[SourceQuality "1"]

1. e4 c5 2. Nc3 d6 3. Nf3 a6 4. a3 b5 5. d4 cxd4 6. Nxd4 Bb7 7. Bd3 g6 8. 0-0 Bg7 9. Be3 Nd7 10. Qd2 Ngf6 11. f3 0-0 12. Kh1 Rc8 13. Rac1 Ne5 14. Nce2 d5 15. Bh6 dxe4 16. fxe4 Nxe4 17. Bxe4 Bxh6 18. Qxh6 Bxe4 19. Rf4 Qd5 20. Rh4 g5 21. Qxg5+ Ng6 22. Qxd5 Bxd5 23. Rg4 f5 24. Rg3 e5 25. Nb3 f4 26. Rd3 Be4 27. Rc3 f3 28. Ng3 fxg2+ 29. Kg1 Rxc3 30. bxc3 Ba8 31. Nd2 Nf4 32. h4 e4 33. Kh2 e3 34. Nb3 e2 35. Nd4 Re8 36. Re1 Re3 37. Ndxe2 Nxe2 38. Rxe2 Rxe2 39. Nxe2 Kf8 40. Nd4 Ke7 41. Nb3 Kd6 42. Nd2 Ke5 43. c4 Kd4 44. cxb5 Ke3 45. Kg1 Kxd2 46. c4 axb5 47. cxb5 Kc3 48. h5 Kb3 49. h6 Kxa3 0-1

[Event "Augsburg Afro Seniors op 9th"]
[Site "Augsburg"]
[Date "2002.08.10"]
[Round "6"]
[White "Nierlich, Gerhard"]
[Black "Erlich, Vitali"]
[Result "1/2-1/2"]
[WhiteElo "1829"]
[BlackElo "1787"]
[PlyCount "96"]
[EventDate "2002.08.08"]
[EventType "swiss"]
[EventRounds "7"]
[EventCountry "GER"]
[SourceTitle "EXT 2007"]
[Source "ChessBase"]
[SourceDate "2006.11.23"]
[SourceVersion "1"]
[SourceVersionDate "2006.11.23"]
[SourceQuality "1"]

1. d4 d5 2. Nf3 Nf6 3. Bg5 h6 4. Bf4 Bf5 5. e3 c6 6. c4 e6 7. Qb3 Qa5+ 8. Nc3 Bb4 9. Rc1 Ne4 10. Be2 0-0 11. 0-0 dxc4 12. Bxc4 b5 13. Be2 Bxc3 14. bxc3 Nd7 15. Rfd1 Rfc8 16. Ne5 Nxe5 17. Bxe5 a6 18. f3 Nf6 19. Bxf6 gxf6 20. e4 Bg6 21. c4 Rd8 22. c5 Qc7 23. d5 exd5 24. exd5 Qe5 25. Bf1 Rxd5 26. Rxd5 Qxd5 27. Qxd5 cxd5 28. c6 Bf5 29. Kf2 Kf8 30. Rc5 Be6 31. Ke3 d4+ 32. Kxd4 Bxa2 33. Kc3 Ke7 34. Bd3 Be6 35. Be4 f5 36. Bd3 Kd6 37. Kd4 Rc8 38. Bxf5 Bxf5 39. Rxf5 Rxc6 40. Rxf7 Rc4+ 41. Kd3 a5 42. g4 a4 43. Ra7 Kc6 44. h4 Kb6 45. Ra8 Kb7 46. Ra5 Kb6 47. Ra8 Rc6 48. g5 Kb7 1/2-1/2

[Event "Regionalliga SW 0102"]
[Site "Bayern"]
[Date "2002.04.28"]
[Round "9.4"]
[White "Wiegner, Denis"]
[Black "Nierlich, Gerhard"]
[Result "1-0"]
[WhiteElo "2190"]
[BlackElo "1855"]
[PlyCount "71"]
[EventDate "2001.10.07"]
[EventType "team"]
[EventRounds "9"]
[EventCountry "GER"]
[SourceTitle "EXT 2003"]
[Source "ChessBase"]
[SourceDate "2002.11.25"]
[SourceVersion "1"]
[SourceVersionDate "2002.11.25"]
[SourceQuality "1"]
[WhiteTeam "Garching"]
[BlackTeam "Lauingen"]
[WhiteTeamCountry "GER"]
[BlackTeamCountry "GER"]

1. e4 c5 2. Nf3 d6 3. d4 cxd4 4. Nxd4 Nf6 5. Nc3 a6 6. Be3 e6 7. f3 Qc7 8. Qd2 Nbd7 9. g4 h6 10. 0-0-0 b5 11. Kb1 Ne5 12. Qe1 Bd7 13. Bd3 Rc8 14. h4 b4 15. Nce2 d5 16. g5 hxg5 17. hxg5 Rxh1 18. Qxh1 dxe4 19. Bxa6 Ra8 20. gxf6 Rxa6 21. fxg7 Bxg7 22. Qh7 Bf8 23. Qxe4 Qa5 24. Nc1 Nc4 25. Ndb3 Qc7 26. Nc5 Nxe3 27. Nxa6 Qa7 28. Nc7+ Kd8 29. Rd3 Nxc2 30. Nxe6+ fxe6 31. Kxc2 Qc5+ 32. Kb1 Kc7 33. Rd2 Ba4 34. b3 Bc6 35. Qxe6 Kb6 36. Rc2 1-0

[Event "Regionalliga SW 0102"]
[Site "Bayern"]
[Date "2002.03.17"]
[Round "7.5"]
[White "Nierlich, Gerhard"]
[Black "Jermann, Frank"]
[Result "0-1"]
[WhiteElo "1855"]
[BlackElo "2065"]
[PlyCount "110"]
[EventDate "2001.10.07"]
[EventType "team"]
[EventRounds "9"]
[EventCountry "GER"]
[SourceTitle "EXT 2003"]
[Source "ChessBase"]
[SourceDate "2002.11.25"]
[SourceVersion "1"]
[SourceVersionDate "2002.11.25"]
[SourceQuality "1"]
[WhiteTeam "Lauingen"]
[BlackTeam "Muenchen Tarrasch"]
[WhiteTeamCountry "GER"]
[BlackTeamCountry "GER"]

1. d4 g6 2. Nf3 Bg7 3. c3 Nf6 4. Bg5 d5 5. Nbd2 Nbd7 6. e3 0-0 7. Bd3 c6 8. 0-0 Qe8 9. Re1 h6 10. Bxf6 Nxf6 11. Qb3 Rb8 12. e4 Be6 13. Qc2 dxe4 14. Nxe4 Nxe4 15. Bxe4 Bd5 16. Qe2 e6 17. Bxd5 cxd5 18. a4 a6 19. Ne5 Qe7 20. f4 Rfc8 21. Nd3 Qc7 22. Nc5 Bf8 23. Nd3 b5 24. axb5 axb5 25. Ra6 b4 26. Ne5 bxc3 27. Rc6 Qb7 28. Rxc8 Qxc8 29. bxc3 Qxc3 30. Rd1 Rb2 31. Qf3 Bb4 32. Qg4 Qe3+ 33. Kh1 Qe2 34. Qxe2 Rxe2 35. Nf3 Kg7 36. Kg1 Bd6 37. g3 Kf6 38. Kf1 Ra2 39. Rb1 g5 40. fxg5+ hxg5 41. Rb6 g4 42. Nh4 Be7 43. Ng2 Rd2 44. Nf4 Rxd4 45. Ke2 Bd8 46. Rc6 Re4+ 47. Kd3 Ke5 48. Ra6 Bg5 49. Ng2 Rd4+ 50. Ke2 Rd2+ 51. Kf1 f5 52. Ra1 d4 53. Ra5+ Ke4 54. Ra6 e5 55. Rg6 Be3 0-1

[Event "Regionalliga SW 0102"]
[Site "Bayern"]
[Date "2001.11.25"]
[Round "3.5"]
[White "Nierlich, Gerhard"]
[Black "Czap, Bernhard"]
[Result "1/2-1/2"]
[WhiteElo "1855"]
[BlackElo "2040"]
[PlyCount "75"]
[EventDate "2001.10.07"]
[EventType "team"]
[EventRounds "9"]
[EventCountry "GER"]
[SourceTitle "EXT 2003"]
[Source "ChessBase"]
[SourceDate "2002.11.25"]
[SourceVersion "1"]
[SourceVersionDate "2002.11.25"]
[SourceQuality "1"]
[WhiteTeam "Lauingen"]
[BlackTeam "Unterhaching"]
[WhiteTeamCountry "GER"]
[BlackTeamCountry "GER"]

1. d4 Nf6 2. Nf3 g6 3. Bg5 Bg7 4. Nbd2 c5 5. c3 b6 6. e3 0-0 7. Bd3 d5 8. 0-0 Bb7 9. Ne5 Nfd7 10. f4 f6 11. Nxd7 Nxd7 12. Bh4 Qe8 13. e4 e5 14. fxe5 fxe5 15. Rxf8+ Qxf8 16. Qg4 Qd6 17. exd5 Bxd5 18. dxc5 Nxc5 19. Bc4 Rf8 20. Bg3 Kh8 21. Rd1 Bc6 22. Ne4 Qxd1+ 23. Qxd1 Nxe4 24. Qd3 Bf6 25. Bd5 Rd8 26. c4 Nxg3 27. hxg3 Be7 28. Qf3 Bxd5 29. cxd5 Bc5+ 30. Kh2 Kg7 31. Qe4 Bd4 32. b3 h5 33. Qc2 Rxd5 34. Qc7+ Kh6 35. Qc1+ Kg7 36. Qc7+ Kh6 37. Qc1+ Kg7 38. Qc7+ 1/2-1/2

[Event "Bled op 22nd"]
[Site "Bled"]
[Date "2001.03.31"]
[Round "8"]
[White "Podkriznik, Gregor"]
[Black "Nierlich, Gerhard"]
[Result "1-0"]
[WhiteElo "2342"]
[BlackElo "2081"]
[PlyCount "51"]
[EventDate "2001.03.24"]
[EventType "swiss"]
[EventRounds "9"]
[EventCountry "SLO"]
[SourceTitle "CBM 081 Extra"]
[Source "ChessBase"]
[SourceDate "2001.05.06"]
[SourceVersion "1"]
[SourceVersionDate "2001.05.06"]
[SourceQuality "1"]

1. e4 c5 2. Nf3 d6 3. d4 cxd4 4. Nxd4 Nf6 5. Nc3 a6 6. Be3 e6 7. f3 b5 8. g4 h6 9. Qd2 Bb7 10. 0-0-0 Nbd7 11. h4 d5 12. Bh3 Bb4 13. g5 Nh5 14. g6 Nc5 15. a3 Bxc3 16. Qxc3 Rc8 17. gxf7+ Kxf7 18. Nxe6 Nxe6 19. Qe5 Re8 20. Qxh5+ Kg8 21. Rhg1 Qc7 22. Rd2 Nf4 23. Bxf4 Qxf4 24. Bxc8 Rxc8 25. Qg4 Qc7 26. Rdg2 1-0

[Event "Bad Wildbad op"]
[Site "Bad Wildbad"]
[Date "2000.04.01"]
[Round "1"]
[White "Kohlweyer, Bernd"]
[Black "Nierlich, Gerhard"]
[Result "1-0"]
[WhiteElo "2458"]
[BlackElo "2084"]
[PlyCount "39"]
[EventDate "2000.04.01"]
[EventType "swiss"]
[EventRounds "9"]
[EventCountry "GER"]
[SourceTitle "EXT 2001"]
[Source "ChessBase"]
[SourceDate "2000.11.22"]
[SourceVersion "1"]
[SourceVersionDate "2000.11.22"]
[SourceQuality "1"]

1. d4 Nf6 2. Nf3 b6 3. g3 Bb7 4. Bg2 e6 5. c4 d5 6. cxd5 exd5 7. 0-0 c5 8. Nc3 Be7 9. Bf4 a6 10. dxc5 Bxc5 11. Ne5 0-0 12. Qb3 Re8 13. Rad1 Qe7 14. Nxd5 Nxd5 15. Bxd5 Bxd5 16. Rxd5 Ra7 17. Rfd1 Qf6 18. Ng4 Qc6 19. Rd8 Rb7 20. Ne5 1-0

[Event "Regionalliga SW 9900"]
[Site "Bayern"]
[Date "2000.??.??"]
[Round "6.4"]
[White "Geyer, Thomas"]
[Black "Nierlich, Gerhard"]
[Result "1/2-1/2"]
[WhiteElo "1774"]
[BlackElo "1920"]
[PlyCount "91"]
[EventDate "1999.??.??"]
[EventType "team-tourn"]
[EventRounds "9"]
[EventCountry "GER"]
[SourceTitle "EXT 2020"]
[Source "ChessBase"]
[SourceDate "2019.10.17"]
[SourceVersion "1"]
[SourceVersionDate "2019.10.17"]
[SourceQuality "1"]
[WhiteTeam "Pasing II"]
[BlackTeam "Lauingen"]
[WhiteTeamCountry "GER"]
[BlackTeamCountry "GER"]

1. e4 c5 2. d4 cxd4 3. c3 d3 4. Bxd3 d6 5. f4 Nc6 6. Nf3 Bg4 7. h3 Bxf3 8. Qxf3 Qc7 9. Na3 a6 10. Be3 Rb8 11. 0-0 e6 12. e5 dxe5 13. Nc4 b5 14. Nxe5 Nxe5 15. fxe5 Bc5 16. Rae1 Nh6 17. Kh1 Bxe3 18. Rxe3 0-0 19. Qh5 Rbe8 20. Rf6 Nf5 21. Bxf5 exf5 22. Rxf5 Re6 23. Qf3 h6 24. a3 Rd8 25. Rd3 Rxd3 26. Qxd3 Rxe5 27. Qg3 Re7 28. Qxc7 Rxc7 29. Rd5 Re7 30. Rd8+ Kh7 31. Rd6 Re2 32. Rxa6 Rxb2 33. a4 bxa4 34. Rxa4 Rc2 35. Rc4 f5 36. Rc6 Rc1+ 37. Kh2 Rc2 38. Kg3 g5 39. Kf3 Kg7 40. g4 f4 41. h4 gxh4 42. Kxf4 h3 43. Rc7+ Kf6 44. Rc6+ Kg7 45. Rc7+ Kf6 46. Rc6+ 1/2-1/2

[Event "Regionalliga SW 9900"]
[Site "Bayern"]
[Date "1999.??.??"]
[Round "2.4"]
[White "Begna, Bozidar"]
[Black "Nierlich, Gerhard"]
[Result "1/2-1/2"]
[WhiteElo "2080"]
[BlackElo "1925"]
[PlyCount "81"]
[EventDate "1999.??.??"]
[EventType "team-tourn"]
[EventRounds "9"]
[EventCountry "GER"]
[SourceTitle "EXT 2020"]
[Source "ChessBase"]
[SourceDate "2019.10.17"]
[SourceVersion "1"]
[SourceVersionDate "2019.10.17"]
[SourceQuality "1"]
[WhiteTeam "Muenchen Tarrasch"]
[BlackTeam "Lauingen"]
[WhiteTeamCountry "GER"]
[BlackTeamCountry "GER"]

1. e4 c5 2. Nf3 d6 3. Bb5+ Bd7 4. Bxd7+ Nxd7 5. 0-0 Ngf6 6. Qe2 e6 7. d3 Be7 8. Ng5 h6 9. Nh3 Qc7 10. f4 0-0-0 11. c4 Rhe8 12. a3 d5 13. e5 Ng8 14. Nc3 dxc4 15. dxc4 a6 16. Be3 Nb8 17. Na4 f6 18. b4 Nd7 19. exf6 gxf6 20. Rab1 Bd6 21. b5 a5 22. b6 Qc6 23. Rb5 Kb8 24. Nf2 Ne7 25. Nd3 Rg8 26. Qf3 Qxf3 27. Rxf3 Nc8 28. Rg3 Rxg3 29. hxg3 h5 30. Kf2 e5 31. f5 Rg8 32. Bxc5 Bxc5+ 33. Ndxc5 Nxc5 34. Nxc5 Rd8 35. Ne4 Nd6 36. Nxd6 Rxd6 37. Rxa5 Rxb6 38. Rd5 Kc7 39. c5 Rc6 40. Rd6 Rxc5 41. Rxf6 1/2-1/2

[Event "Regionalliga SW 9899"]
[Site "Bayern"]
[Date "1999.??.??"]
[Round "8.3"]
[White "Nierlich, Gerhard"]
[Black "Unger, Michael"]
[Result "1/2-1/2"]
[WhiteElo "1885"]
[BlackElo "2376"]
[PlyCount "43"]
[EventDate "1998.??.??"]
[EventType "team-tourn"]
[EventRounds "9"]
[EventCountry "GER"]
[SourceTitle "EXT 2020"]
[Source "ChessBase"]
[SourceDate "2019.10.17"]
[SourceVersion "1"]
[SourceVersionDate "2019.10.17"]
[SourceQuality "1"]
[WhiteTeam "Lauingen"]
[BlackTeam "Sendling"]
[WhiteTeamCountry "GER"]
[BlackTeamCountry "GER"]

1. d4 Nf6 2. Nf3 e6 3. Bg5 d5 4. Nbd2 Nbd7 5. e4 dxe4 6. Nxe4 Be7 7. Nxf6+ Bxf6 8. Bxf6 Qxf6 9. Be2 0-0 10. 0-0 e5 11. dxe5 Nxe5 12. Nxe5 Qxe5 13. c3 Bf5 14. Bc4 Qf4 15. Qb3 Rad8 16. Rad1 Bg6 17. h3 Bh5 18. Rd5 Rxd5 19. Bxd5 Be2 20. Re1 Qd2 21. Ra1 b6 22. a3 1/2-1/2

[Event "Regionalliga SW 9798"]
[Site "Bayern"]
[Date "1998.??.??"]
[Round "?.6"]
[White "Nierlich, Gerhard"]
[Black "Hofmarksrichter, Ulrich"]
[Result "0-1"]
[WhiteElo "1865"]
[BlackElo "1850"]
[PlyCount "56"]
[EventDate "1997.10.??"]
[EventType "team-tourn"]
[EventRounds "9"]
[EventCountry "GER"]
[SourceTitle "EXT 2020"]
[Source "ChessBase"]
[SourceDate "2019.10.17"]
[SourceVersion "1"]
[SourceVersionDate "2019.10.17"]
[SourceQuality "1"]
[WhiteTeam "Lauingen"]
[BlackTeam "Muenchen 36 II"]
[WhiteTeamCountry "GER"]
[BlackTeamCountry "GER"]

1. d4 d5 2. Nf3 Nf6 3. Bg5 e6 4. Nbd2 Be7 5. e3 h6 6. Bh4 Nbd7 7. Bd3 c5 8. c3 Qc7 9. 0-0 e5 10. e4 dxe4 11. Nxe4 Nxe4 12. Bxe7 Nxc3 13. bxc3 Kxe7 14. Nxe5 Nxe5 15. Re1 cxd4 16. cxd4 Rd8 17. Rxe5+ Kf8 18. Qe2 Be6 19. Qe4 Qc3 20. Rd1 Qxd4 21. Qe1 Rac8 22. h3 Qc3 23. Qe4 Rd4 24. Qh7 Rxd3 25. Qh8+ Ke7 26. Rxe6+ Kxe6 27. Rxd3 Qc1+ 28. Kh2 Rxh8 0-1

[Event "Regionalliga SW 9798"]
[Site "Bayern"]
[Date "1998.??.??"]
[Round "?.6"]
[White "Schoenbauer, Max"]
[Black "Nierlich, Gerhard"]
[Result "1-0"]
[WhiteElo "2030"]
[BlackElo "1865"]
[PlyCount "133"]
[EventDate "1997.10.??"]
[EventType "team-tourn"]
[EventRounds "9"]
[EventCountry "GER"]
[SourceTitle "EXT 2020"]
[Source "ChessBase"]
[SourceDate "2019.10.17"]
[SourceVersion "1"]
[SourceVersionDate "2019.10.17"]
[SourceQuality "1"]
[WhiteTeam "Muenchen FC Bayern II"]
[BlackTeam "Lauingen"]
[WhiteTeamCountry "GER"]
[BlackTeamCountry "GER"]

1. e4 c5 2. Nf3 d6 3. d4 cxd4 4. Nxd4 Nf6 5. Nc3 a6 6. Be2 e6 7. 0-0 Be7 8. a4 Qc7 9. Bg5 0-0 10. Qd2 b6 11. Bf3 Bb7 12. Nb3 Nbd7 13. Bf4 Rfd8 14. Rfd1 Nc5 15. Nxc5 Qxc5 16. Be3 Qc7 17. Qd3 d5 18. exd5 Nxd5 19. Nxd5 Bxd5 20. Bxd5 Rxd5 21. Qb3 Rh5 22. h3 Bc5 23. Qc4 Rc8 24. c3 h6 25. Bxc5 Qxc5 26. Qxa6 Rf5 27. Rd2 Rd5 28. Rxd5 exd5 29. Rd1 Re8 30. Qd3 Rd8 31. Qd4 Kf8 32. c4 Qb4 33. cxd5 Qxd4 34. Rxd4 Ke7 35. Rb4 Rb8 36. Rb5 Ra8 37. b3 Ra6 38. Kf1 Kd6 39. Ke2 Kc7 40. Kd3 Ra8 41. Kd4 Re8 42. a5 bxa5 43. Rxa5 Kb6 44. Ra2 f5 45. f3 g5 46. Rc2 Kb7 47. Rc6 Re2 48. g4 f4 49. Rxh6 Re3 50. h4 gxh4 51. Rxh4 Rxf3 52. Ke4 Rxb3 53. Kxf4 Kc7 54. Rh6 Kd7 55. g5 Rb1 56. Ra6 Rf1+ 57. Ke5 Re1+ 58. Kf6 Rf1+ 59. Kg7 Rd1 60. d6 Rg1 61. g6 Rf1 62. Kg8 Rf2 63. g7 Rf1 64. Ra5 Kxd6 65. Kh7 Rh1+ 66. Kg6 Ke7 67. g8Q 1-0

[Event "Regionalliga SW 9798"]
[Site "Bayern"]
[Date "1998.??.??"]
[Round "?.6"]
[White "Weinberger, Wolfgang"]
[Black "Nierlich, Gerhard"]
[Result "1/2-1/2"]
[WhiteElo "2010"]
[BlackElo "1865"]
[PlyCount "86"]
[EventDate "1997.10.??"]
[EventType "team-tourn"]
[EventRounds "9"]
[EventCountry "GER"]
[SourceTitle "EXT 2020"]
[Source "ChessBase"]
[SourceDate "2019.10.17"]
[SourceVersion "1"]
[SourceVersionDate "2019.10.17"]
[SourceQuality "1"]
[WhiteTeam "Garching"]
[BlackTeam "Lauingen"]
[WhiteTeamCountry "GER"]
[BlackTeamCountry "GER"]

1. Nf3 d5 2. b3 Nf6 3. Bb2 e6 4. g3 b6 5. Bg2 Bb7 6. 0-0 Be7 7. d3 0-0 8. Nbd2 Nbd7 9. e4 dxe4 10. Ng5 c5 11. Re1 Qc7 12. Ngxe4 Rad8 13. Qe2 Rfe8 14. g4 Nd5 15. Qf3 Ba8 16. Nc4 Qf4 17. Qh3 N5f6 18. f3 Nd5 19. Ng3 Qc7 20. Nf1 Nf4 21. Qg3 Nd5 22. Qf2 Bf6 23. Ng3 Bxb2 24. Nxb2 Nf4 25. Bf1 Nf6 26. Nc4 Ng6 27. Ne2 Nd5 28. Nd2 Ndf4 29. Ne4 Nd5 30. N4g3 Ndf4 31. Qe3 Nxe2+ 32. Rxe2 Qf4 33. Nh5 Qxf3 34. h3 Qxe3+ 35. Rxe3 Rd7 36. Rae1 Red8 37. Kf2 h6 38. Kg3 Rd6 39. Bg2 Bxg2 40. Kxg2 R6d7 41. Kf3 Ne7 42. R3e2 Nd5 43. Rg2 Ne7 1/2-1/2

[Event "Regionalliga SW 9697"]
[Site "Bayern"]
[Date "1997.??.??"]
[Round "?"]
[White "Englert, Jan"]
[Black "Nierlich, Gerhard"]
[Result "1/2-1/2"]
[WhiteElo "2065"]
[BlackElo "1875"]
[PlyCount "65"]
[EventDate "1996.10.??"]
[EventType "team-tourn"]
[EventRounds "9"]
[EventCountry "GER"]
[SourceTitle "EXT 1999"]
[Source "ChessBase"]
[SourceDate "1998.11.16"]
[SourceVersion "1"]
[SourceVersionDate "1998.11.16"]
[SourceQuality "1"]
[WhiteTeam "Garching"]
[BlackTeam "Lauingen"]
[WhiteTeamCountry "GER"]
[BlackTeamCountry "GER"]

1. e4 c5 2. d4 cxd4 3. c3 d3 4. Bxd3 d6 5. Nf3 Nf6 6. h3 e6 7. 0-0 Be7 8. c4 0-0 9. Nc3 a6 10. Qe2 Nbd7 11. Rd1 Qc7 12. Be3 b6 13. Rac1 Bb7 14. Bb1 Rfd8 15. Bf4 Ne5 16. Nxe5 dxe5 17. Be3 Bc5 18. Bxc5 Qxc5 19. b3 Rd4 20. Kh1 Rad8 21. f3 Nh5 22. Qf2 h6 23. Qh4 Nf6 24. Qe1 Nh5 25. Qh4 Nf6 26. Qe1 Kf8 27. Ne2 R4d7 28. Rxd7 Rxd7 29. Rd1 Rxd1 30. Qxd1 Ke7 31. Qg1 Qd6 32. Qe1 Qc5 33. Qg1 1/2-1/2

[Event "Regionalliga SW 9697"]
[Site "Bayern"]
[Date "1997.??.??"]
[Round "?"]
[White "Meszaros, Ignac"]
[Black "Nierlich, Gerhard"]
[Result "0-1"]
[WhiteElo "2025"]
[BlackElo "1875"]
[PlyCount "78"]
[EventDate "1996.10.??"]
[EventType "team-tourn"]
[EventRounds "9"]
[EventCountry "GER"]
[SourceTitle "EXT 1999"]
[Source "ChessBase"]
[SourceDate "1998.11.16"]
[SourceVersion "1"]
[SourceVersionDate "1998.11.16"]
[SourceQuality "1"]
[WhiteTeam "Muenchen 36 II"]
[BlackTeam "Lauingen"]
[WhiteTeamCountry "GER"]
[BlackTeamCountry "GER"]

1. Nf3 f5 2. d3 d6 3. Nc3 g6 4. h4 Nf6 5. e4 Nc6 6. Be2 Bg7 7. Be3 e5 8. Bg5 h6 9. Bxf6 Qxf6 10. Nd5 Qf7 11. Qd2 Be6 12. c4 Rc8 13. 0-0-0 Nd8 14. Kb1 c6 15. Nc3 d5 16. cxd5 cxd5 17. exd5 Bxd5 18. h5 g5 19. Nxg5 hxg5 20. h6 Rxh6 21. Rxh6 Bxh6 22. Rh1 g4 23. Rxh6 Bxg2 24. Nb5 Kd7 25. Nd6 Qf8 26. Nxc8 Kxc8 27. Qg5 Bd5 28. Rf6 Qb4 29. Qc1+ Nc6 30. Qc3 Qa4 31. Rxf5 Bxa2+ 32. Kc1 Be6 33. Rxe5 Qf4+ 34. Re3 g3 35. Qh8+ Kc7 36. Qg7+ Kb6 37. Qxg3 Qh6 38. Bf3 Bb3 39. Bxc6 Qxc6+ 0-1

[Event "Regionalliga SW 9798"]
[Site "Bayern"]
[Date "1997.??.??"]
[Round "?.7"]
[White "Nierlich, Gerhard"]
[Black "Arnold, Ralf"]
[Result "1/2-1/2"]
[WhiteElo "1865"]
[BlackElo "2075"]
[PlyCount "53"]
[EventDate "1997.10.??"]
[EventType "team-tourn"]
[EventRounds "9"]
[EventCountry "GER"]
[SourceTitle "EXT 2020"]
[Source "ChessBase"]
[SourceDate "2019.10.17"]
[SourceVersion "1"]
[SourceVersionDate "2019.10.17"]
[SourceQuality "1"]
[WhiteTeam "Lauingen"]
[BlackTeam "Pasing II"]
[WhiteTeamCountry "GER"]
[BlackTeamCountry "GER"]

1. d4 Nf6 2. Nf3 e6 3. Bg5 d5 4. Nbd2 Be7 5. e3 0-0 6. Bd3 b6 7. 0-0 Bb7 8. Ne5 Ne4 9. Bxe7 Qxe7 10. f4 Nd7 11. Ndf3 Ndf6 12. Qe1 Ne8 13. Rd1 N8d6 14. Nd2 Rac8 15. Rf3 f6 16. Ng4 f5 17. Ne5 c5 18. c3 b5 19. Rh3 a5 20. Ndf3 c4 21. Bxe4 Nxe4 22. g4 fxg4 23. Nxg4 b4 24. Nf2 bxc3 25. bxc3 Nf6 26. Ne5 Rb8 27. Kh1 1/2-1/2

[Event "Regionalliga SW 9596"]
[Site "Bayern"]
[Date "1996.??.??"]
[Round "?"]
[White "Marschner, Guenter"]
[Black "Nierlich, Gerhard"]
[Result "1/2-1/2"]
[WhiteElo "1930"]
[BlackElo "1875"]
[PlyCount "55"]
[EventDate "1995.10.??"]
[EventType "team-tourn"]
[EventRounds "9"]
[EventCountry "GER"]
[SourceTitle "EXT 1999"]
[Source "ChessBase"]
[SourceDate "1998.11.16"]
[SourceVersion "1"]
[SourceVersionDate "1998.11.16"]
[SourceQuality "1"]
[WhiteTeam "Sonthofen"]
[BlackTeam "Lauingen"]
[WhiteTeamCountry "GER"]
[BlackTeamCountry "GER"]

1. e4 c5 2. c3 d5 3. exd5 Qxd5 4. d4 e6 5. Nf3 Nf6 6. Na3 a6 7. Bc4 Qd8 8. Nc2 b5 9. Be2 Bb7 10. 0-0 Be7 11. Be3 Nbd7 12. a4 c4 13. Bf4 0-0 14. Ne5 Nb6 15. axb5 axb5 16. Bf3 Nfd5 17. Bd2 Qc7 18. Qe2 Na4 19. Rab1 Ra7 20. Rfe1 Bf6 21. Ng4 Nab6 22. g3 Be7 23. Bg2 Nd7 24. Nce3 Nxe3 25. Bxe3 Bxg2 26. Kxg2 Qb7+ 27. Kg1 Ra2 28. Bf4 1/2-1/2

[Event "Regionalliga SW 9596"]
[Site "Bayern"]
[Date "1996.??.??"]
[Round "?"]
[White "Nierlich, Gerhard"]
[Black "Andreadakis, Georgios"]
[Result "0-1"]
[WhiteElo "1875"]
[BlackElo "1955"]
[PlyCount "88"]
[EventDate "1995.10.??"]
[EventType "team-tourn"]
[EventRounds "9"]
[EventCountry "GER"]
[SourceTitle "EXT 1999"]
[Source "ChessBase"]
[SourceDate "1998.11.16"]
[SourceVersion "1"]
[SourceVersionDate "1998.11.16"]
[SourceQuality "1"]
[WhiteTeam "Lauingen"]
[BlackTeam "Augsburg SG 1873"]
[WhiteTeamCountry "GER"]
[BlackTeamCountry "GER"]

1. d4 d5 2. Nf3 Nf6 3. Bg5 e6 4. Nbd2 Be7 5. e3 c5 6. c3 Nc6 7. Bd3 Qb6 8. Rb1 h6 9. Bh4 0-0 10. Ne5 Qd8 11. f4 Nd7 12. Bxe7 Qxe7 13. 0-0 Nf6 14. g4 Nxe5 15. dxe5 Nd7 16. Nf3 g6 17. Qc2 Kg7 18. Qg2 Rg8 19. Kf2 b6 20. Qh3 Bb7 21. Rg1 Rad8 22. f5 exf5 23. gxf5 Nxe5 24. Nxe5 Qxe5 25. fxg6 f6 26. Qg3 Rge8 27. Rbf1 d4 28. Qxe5 Rxe5 29. exd4 cxd4 30. c4 f5 31. Re1 Be4 32. Bb1 Rd6 33. Rd1 Ree6 34. Rge1 Kxg6 35. Rg1+ Kf6 36. Rge1 Ke5 37. b3 Rg6 38. Rg1 Rg5 39. h3 Rdg6 40. Rxg5 Rxg5 41. Re1 Rg2+ 42. Kf1 Rh2 43. Bxe4 fxe4 44. Kg1 Rxa2 0-1